000 00584nam a2200193 i 4500
001 57372
003 ES-MaACL
005 20230906163550.0
007 t|
008 031016s1909 fr ||||1| fre d
100 1 _aDriault, Edouard.
_945636
245 1 3 _aLe monde actuel
_b: tableau politique et economique /
_cpar Edouard Driault.
260 _aParis :
_bFélix Alcan,
_c1909.
300 _a372 p. ;
_c22 cm.
490 1 _aBibliothèque d'histoire contemporaine
830 0 _aBibliothèque d'histoire contemporaine
_9180875
852 _aES-MaACL
_jG-7546
999 _c57372
_d57372